Patentes e importación de tecnología (Registro nro. 24720)

Detalles MARC
000 -LEADER
fixed length control field 00351 a2200121 4500
001 - CONTROL NUMBER
control field ART_10180
005 - DATE AND TIME OF LATEST TRANSACTION
control field 20260410161848.0
008 - FIXED-LENGTH DATA ELEMENTS--GENERAL INFORMATION
fixed length control field 260409a
100 1# - MAIN ENTRY--PERSONAL NAME
Personal name Katz, Jorge M.
245 10 - TITLE STATEMENT
Title Patentes e importación de tecnología
700 1# - ADDED ENTRY--PERSONAL NAME
Personal name Chudnovsky, Daniel
773 0# - HOST ITEM ENTRY
Title Económica
Related parts - Año XVI, Nº1 (ene./abr. 1970)
Record control number REV7541

No hay ítems disponibles.